Science surprises / (Record no. 110092)
[ view plain ]
| 000 -LEADER | |
|---|---|
| fixed length control field | 00634nam a2200181 a 4500 |
| 001 - CONTROL NUMBER | |
| control field | 3026 |
| 005 - DATE AND TIME OF LATEST TRANSACTION | |
| control field | 20140414131849.0 |
| 008 - FIXED-LENGTH DATA ELEMENTS--GENERAL INFORMATION | |
| fixed length control field | 060131s19uu xx 00 eng d |
| 020 ## - INTERNATIONAL STANDARD BOOK NUMBER | |
| International Standard Book Number | 0-590-48401-X |
| 050 ## - LIBRARY OF CONGRESS CALL NUMBER | |
| Classification number | M 507.8 |
| Item number | M34 1996 |
| 100 ## - MAIN ENTRY--PERSONAL NAME | |
| Personal name | Markle, Sandra |
| 245 ## - TITLE STATEMENT | |
| Title | Science surprises / |
| Statement of responsibility, etc | by Sandra Markle ; illustrated by Otani. |
| 260 ## - PUBLICATION, DISTRIBUTION, ETC. (IMPRINT) | |
| Place of publication, distribution, etc | New York : |
| Name of publisher, distributor, etc | Scholastic, |
| Date of publication, distribution, etc | 1996. |
| 300 ## - PHYSICAL DESCRIPTION | |
| Extent | 63 p. : ill. ; cm. |
| 520 ## - SUMMARY, ETC. | |
| Summary, etc | You'll be amazed by these and other hands-on activties in this book. You will also read real-life science surprise stories! |
| 650 ## - SUBJECT ADDED ENTRY--TOPICAL TERM | |
| Topical term or geographic name as entry element | Science - Experiments |
| General subdivision | Juvenile literature. |
| Withdrawn status | Lost status | Damaged status | Use restrictions | Home library | Current library | Shelving location | Date acquired | Source of acquisition | Cost, normal purchase price | Total Checkouts | Full call number | Barcode | Date last seen | Price effective from | Koha item type |
|---|---|---|---|---|---|---|---|---|---|---|---|---|---|---|---|
| Munich Library | Munich Library | Main Section | 01/31/2006 | 95.00 | M 507.8 M34 1996 | M0377 | 04/14/2014 | 04/14/2014 | Books |